Hunger Games - Sont-ils morts ? - Mort Subite - Statistiques

Statistiques générales
  • Ce quiz a été pris 1 567 fois
  • Le résultat moyen est 7 sur 15
Answers on the Grid
Answers color-coded by a green-red scale on the quiz's grid according to % correct below.
Coriolanus Snow
Cato
Seneca Crane
Finnick Odair
Alma Coin
Boggs
Primrose Everdeen
Rue
Thresh
Chaff
Castor
Gloss
Wiress
Mags
Cinna
Haymitch Abernathy
Beetee
Plutarch Heavensbee
Johanna Mason
Annie Cresta
Enobaria
Pollux
Cressida
Octavia
Paylor
Tigris
Buttercup
Flavius
Venia
Effie Trinket
 
Statistiques - réponses
Réponse % Correct
Rue
68%
Cinna
61%
Primrose Everdeen
60%
Cato
59%
Finnick Odair
59%
Mags
55%
Coriolanus Snow
53%
Thresh
53%
Alma Coin
50%
Seneca Crane
47%
Wiress
40%
Gloss
35%
Boggs
32%
Chaff
25%
Castor
23%
Aucun quiz correspondant
Distribution des résultats
% des personnes avec chaque résultat
Percentile par nombre de réponses
Votre historique - résultats
Vous n’avez pas pris ce quiz